000 00477nam a22001697a 4500
005 20260408134310.0
008 260408b |||||||| |||| 00| 0 eng d
037 _cDSWL
040 _aDSWL
_cDSWL
041 _heng
100 _aShumaher, Shivam
_91234347
245 _aDesign thinking or social change
260 _aNew Delhi,
_bDepartment of Social Work,
_c2018
300 _a154p
942 _2CC
_cDIS
_n0
999 _c1848102
_d1848102